[Event "3rd FIDE WCCC Rapid U08 2019"]
[Site "Minsk"]
[Date "2019.08.16"]
[Round "4.4"]
[White "Nguyen, Nghia Gia Binh"]
[Black "Baranov, Alexey"]
[Result "1-0"]
[WhiteElo "1350"]
[BlackElo "2302"]
[Annotator "TA"]
[PlyCount "109"]
[EventDate "2019.08.16"]
[EventType "swiss"]
[EventCountry "BLR"]
[SourceTitle "playchess.com"]
[Source "ChessBase"]
[SourceQuality "1"]

{[%evp 9,108,68,77,45,93,101,103,73,95,74,89,51,118,127,116,122,282,285,330,319,341,266,337,234,234,233,222,232,233,229,309,119,215,147,141,147,371,368,376,381,391,288,275,0,339,335,334,334,327,317,375,373,408,400,5808,6131,5728,5575,29968,29969,29969,29970,29978,29973,29971,29972,29980,29982,29982,29983,29986,29987,29987,29988,29988,29987,29987,29987,29988,29987,29987,29988,29988,29989,29989,29990,29990,29991,29991,29991,29992,29993,29995,29996,29996,29997,29997,29998,29998,29999,29999]} 1. d4 d5 2. c4 dxc4 3. e3 Nf6 4. Bxc4 Nc6 5. Nf3 e6 6. O-O {D26: Queen's Gambit Accepted: 4 e3 e6 5 Bxc5 c5 sidelines} (6. Nc3 a6 7. e4 b5 8. Bd3 Nb4 9. Bb1 c5 10. a3 cxd4 11. Qxd4 Qxd4 12. Nxd4 e5 13. axb4 exd4 14. Nxb5 Bxb4+ {1-0 (37) Del Rio de Angelis,S (2520)-Ladron de Guevara Pinto,P (2355) Linares 2014}) 6... Na5 7. Qa4+ Nc6 8. Ne5 {White is better.} Qd6 $146 ({Predecessor:} 8... Bd7 9. Nxd7 Qxd7 10. Nc3 Bd6 11. h3 e5 12. d5 O-O 13. dxc6 bxc6 {1-0 (45) Maia,M (2063)-Borges Nogueira,D Cuiaba 2017}) 9. b3 {Strongly threatening Ba3.} Bd7 10. Ba3 (10. Nxd7 {looks sharper.} Qxd7 11. Bb5 Nd5 12. Bb2 a6 13. Bxc6 Qxc6 14. Qxc6+ bxc6 15. Rc1) 10... Nxe5 (10... Nb4 $1 $14 11. Nxd7 Qxd7) 11. Bxd6 $16 Bxa4 12. Bxf8 ({Of course not} 12. dxe5 cxd6 13. bxa4 dxe5 $15) 12... Rxf8 $2 (12... Nxc4 $16 {was necessary.} 13. Bxg7 {[%mdl 64] Double Attack} Rg8) 13. dxe5 $18 Bxb3 14. axb3 Nd7 15. Nc3 c6 16. b4 Nxe5 17. Be2 a6 18. b5 cxb5 {[#]} 19. Nxb5 $1 {[%mdl 576] aiming for Nc7+. Pin} Rd8 (19... axb5 20. Rxa8+) 20. Nc7+ $2 (20. Nd4 $18) 20... Ke7 (20... Kd7 $16 {is a better defense.}) 21. Rab1 Rd2 22. Rfe1 ({And not} 22. Rxb7 Rxe2 23. Nxa6+ Kf6 $11) 22... Rb8 $2 {[#]} (22... Rc8 $16) 23. Nxa6 $1 {[%mdl 576] Pin} Rc8 (23... bxa6 24. Rxb8) 24. Rxb7+ Kf6 {Black wants to play ...Rxe2.} 25. h3 Rcc2 26. f4 $2 (26. Bf1 $18) 26... Rxe2 $4 {[%mdl 8192]} (26... Nd3 $1 $11 {and Black has nothing to worry.} 27. Bxd3 Rxg2+ 28. Kh1 Rh2+ {[%mdl 64] Double Attack} 29. Kg1 Rhg2+ 30. Kh1 Rh2+ {[%mdl 64] Double Attack} 31. Kg1 Rhg2+) 27. fxe5+ Kg6 28. Rxe2 Rxe2 {[%mdl 4096] Endgame KRN-KR} 29. Rb3 Ra2 30. Nc5 Ra5 31. Nd3 Rd5 (31... Ra7 $142 32. Kf2 Kg5) 32. Nf4+ {[%mdl 64] Double Attack} Kf5 33. Nxd5 Kxe5 34. Nf4 {White mates.} Ke4 35. g4 Ke5 36. Nh5 g6 37. Rb5+ Ke4 38. Nf6+ Kxe3 39. Nxh7 f5 40. gxf5 exf5 41. Kg2 Ke4 42. Kg3 Kd4 43. h4 Kc4 {[#]} 44. Rxf5 $3 gxf5 {KN-KP} 45. Ng5 Kd5 46. Kf4 Kd6 47. Kxf5 Ke7 48. h5 Kf8 49. Kg6 Kg8 50. h6 Kh8 51. Nf7+ Kg8 52. h7+ Kf8 53. h8=Q+ Ke7 54. Qd8+ Ke6 55. Qd6# {Accuracy: White = 47%, Black = 18%.} 1-0

[Event "3rd FIDE WCCC Rapid U08 2019"]
[Site "Minsk"]
[Date "2019.08.16"]
[Round "4.5"]
[White "Bayramli, Rafael"]
[Black "Karimli, Yusif"]
[Result "1-0"]
[WhiteElo "1514"]
[BlackElo "1658"]
[Annotator "NA"]
[PlyCount "71"]
[EventDate "2019.08.16"]
[EventType "swiss"]
[EventCountry "BLR"]
[SourceTitle "playchess.com"]
[Source "ChessBase"]
[SourceQuality "1"]
[TimeControl "600+5"]

1. c4 {[%emt 0:00:00]} e6 {[%emt 0:00:06]} 2. g3 {[%emt 0:00:02]} d5 {[%emt 0:00:07]} 3. cxd5 {[%emt 0:00:04]} exd5 {[%emt 0:00:15]} 4. d4 {[%emt 0:00:10]} Nf6 {[%emt 0:00:43]} 5. Bg2 {[%emt 0:00:02]} c6 {[%emt 0:00:30]} 6. Nc3 {[%emt 0:00:17]} Be7 {[%emt 0:02:02]} 7. Nf3 {[%emt 0:00:08]} Bf5 {[%emt 0:00:34]} 8. O-O {[%emt 0:00:57]} O-O {[%emt 0:00:23]} 9. Nh4 {[%emt 0:01:01]} Bg4 {[%emt 0:02:36]} 10. Nf3 {[%emt 0:00:33]} Nbd7 {[%emt 0:00:52]} 11. Bf4 {[%emt 0:01:09]} Re8 {[%emt 0:00:59]} 12. h3 {[%emt 0:00:49]} Bf5 {[%emt 0:00:31]} 13. Nh4 {[%emt 0:00:20]} Be6 {[%emt 0:00:22]} 14. Nf3 {[%emt 0:00:28]} Qb6 {[%emt 0:00:23]} 15. Na4 {[%emt 0:00:32]} Qa6 {[%emt 0:00:10]} 16. Nc3 {[%emt 0:00:30]} b6 {[%emt 0:00:19]} 17. Rc1 {[%emt 0:00:37]} Rac8 {[%emt 0:00:12]} 18. Qa4 {[%emt 0:00:59]} Qxa4 {[%emt 0:00:09]} 19. Nxa4 {[%emt 0:00:02]} c5 {[%emt 0:00:05]} 20. Nc3 {[%emt 0:00:37]} c4 {[%emt 0:00:11]} 21. Nb5 {[%emt 0:00:24]} a6 {[%emt 0:00:07]} 22. Nc7 {[%emt 0:00:26]} Red8 {[%emt 0:00:06]} 23. Nxe6 {[%emt 0:00:07]} fxe6 {[%emt 0:00:01]} 24. Ng5 {[%emt 0:00:25]} Nf8 {[%emt 0:00:03]} 25. Rc2 {[%emt 0:00:53]} h6 {[%emt 0:00:03]} 26. Nf3 {[%emt 0:00:02]} N8d7 {[%emt 0:00:07]} 27. g4 {[%emt 0:00:11]} b5 {[%emt 0:00:09]} 28. a3 {[%emt 0:00:06]} a5 {[%emt 0:00:02]} 29. Ne5 {[%emt 0:00:03]} Nxe5 {[%emt 0:00:04]} 30. Bxe5 {[%emt 0:00:05]} b4 {[%emt 0:00:05]} 31. axb4 {[%emt 0:00:10]} axb4 {[%emt 0:00:01]} 32. Ra1 {[%emt 0:00:08]} Ra8 {[%emt 0:00:08]} 33. Rcc1 {[%emt 0:00:06]} Nd7 {[%emt 0:00:07]} 34. Bg3 {[%emt 0:00:12]} Bf6 {[%emt 0:00:07]} 35. e3 {[%emt 0:00:05]} Nb6 {[%emt 0:00:04]} 36. Bc7 {[%emt 0:00:05]} 1-0

[Event "3rd FIDE WCCC Rapid U08 2019"]
[Site "Minsk"]
[Date "2019.08.16"]
[Round "4.6"]
[White "Pogorelov, Vladimir"]
[Black "Damodaran, Patrick"]
[Result "0-1"]
[WhiteElo "1182"]
[BlackElo "1131"]
[Annotator "NA"]
[PlyCount "86"]
[EventDate "2019.08.16"]
[EventType "swiss"]
[EventCountry "BLR"]
[SourceTitle "playchess.com"]
[Source "ChessBase"]
[SourceQuality "1"]
[TimeControl "600+5"]

1. e4 {[%emt 0:00:00]} Nf6 {[%emt 0:00:00]} 2. Nc3 {[%emt 0:00:04]} Nc6 {[%emt 0:00:00]} 3. d4 {[%emt 0:00:04]} d6 {[%emt 0:00:09]} 4. Bb5 {[%emt 0:00:05]} Bd7 {[%emt 0:00:34]} 5. Be3 {[%emt 0:00:08]} a6 {[%emt 0:00:05]} 6. Ba4 {[%emt 0:00:01]} g6 {[%emt 0:00:27]} 7. Nf3 {[%emt 0:00:06]} Bg7 {[%emt 0:00:02]} 8. Qd2 {[%emt 0:00:03]} b5 {[%emt 0:00:18]} 9. Bb3 {[%emt 0:00:04]} b4 {[%emt 0:00:02]} 10. Nd5 {[%emt 0:00:04]} Nxe4 {[%emt 0:00:18]} 11. Qd3 {[%emt 0:00:03]} Nf6 {[%emt 0:00:22]} 12. Bg5 {[%emt 0:00:21]} Nxd5 {[%emt 0:00:16]} 13. Bxd5 {[%emt 0:00:02]} h6 {[%emt 0:00:18]} 14. Bh4 {[%emt 0:00:03]} Qc8 {[%emt 0:00:49]} 15. Qc4 {[%emt 0:00:01]} Qb7 {[%emt 0:00:47]} 16. Bxf7+ {[%emt 0:00:09]} Kd8 {[%emt 0:00:06]} 17. d5 {[%emt 0:00:08]} Ne5 {[%emt 0:01:06]} 18. Nxe5 {[%emt 0:00:03]} Bxe5 19. Qe4 {[%emt 0:00:20]} Bf5 {[%emt 0:00:53]} 20. Qe3 {[%emt 0:00:18]} Qb6 {[%emt 0:00:16]} 21. Qxb6 {[%emt 0:00:21]} cxb6 {[%emt 0:00:02]} 22. O-O {[%emt 0:00:13]} Rf8 {[%emt 0:00:25]} 23. Be6 {[%emt 0:00:05]} Bxe6 {[%emt 0:00:02]} 24. dxe6 {[%emt 0:00:01]} Bxb2 {[%emt 0:00:09]} 25. Rad1 {[%emt 0:00:09]} g5 {[%emt 0:00:11]} 26. Bg3 {[%emt 0:00:01]} Kc7 {[%emt 0:00:22]} 27. Rd3 {[%emt 0:00:09]} Bc3 {[%emt 0:00:05]} 28. Rfd1 {[%emt 0:00:07]} Rad8 {[%emt 0:00:12]} 29. a3 {[%emt 0:00:09]} a5 {[%emt 0:00:09]} 30. Rb1 {[%emt 0:00:01]} Rf6 {[%emt 0:00:26]} 31. Re3 {[%emt 0:00:02]} Bd4 {[%emt 0:00:23]} 32. Re4 {[%emt 0:00:07]} Bc5 {[%emt 0:00:30]} 33. a4 {[%emt 0:00:20]} h5 {[%emt 0:00:14]} 34. h3 {[%emt 0:00:01]} h4 {[%emt 0:00:04]} 35. Bh2 {[%emt 0:00:02]} Rxf2 {[%emt 0:00:08]} 36. Kh1 {[%emt 0:00:11]} Rdf8 {[%emt 0:00:05]} 37. Ree1 {[%emt 0:00:19]} Rxc2 {[%emt 0:00:13]} 38. Rf1 {[%emt 0:00:05]} Rff2 {[%emt 0:00:19]} 39. Bg1 {[%emt 0:00:06]} Rxg2 {[%emt 0:00:10]} 40. Rf7 {[%emt 0:00:11]} Bxg1 {[%emt 0:00:12]} 41. Rxe7+ {[%emt 0:00:03]} Kd8 {[%emt 0:00:10]} 42. Rd7+ {[%emt 0:00:02]} Ke8 {[%emt 0:00:05]} 43. Rxg1 {[%emt 0:00:32]} Rh2# {[%emt 0:00:03]} 0-1

[Event "3rd FIDE WCCC Rapid U08 2019"]
[Site "Minsk"]
[Date "2019.08.17"]
[Round "5.1"]
[White "Gulenko, Zakhar"]
[Black "Nguyen, Nghia Gia Binh"]
[Result "1-0"]
[WhiteElo "1496"]
[BlackElo "1350"]
[Annotator "NA"]
[PlyCount "103"]
[EventDate "2019.08.16"]
[EventType "swiss"]
[EventCountry "BLR"]
[SourceTitle "playchess.com"]
[Source "ChessBase"]
[SourceQuality "1"]
[TimeControl "600+5"]

1. d4 {[%emt 0:00:00]} c5 {[%emt 0:00:00]} 2. d5 {[%emt 0:00:01]} Nf6 {[%emt 0:00:00]} 3. c4 {[%emt 0:00:03]} e6 {[%emt 0:00:00]} 4. dxe6 {[%emt 0:00:08]} fxe6 {[%emt 0:00:02]} 5. Nc3 {[%emt 0:00:02]} Be7 {[%emt 0:00:03]} 6. Nf3 {[%emt 0:00:06]} O-O {[%emt 0:00:02]} 7. g3 {[%emt 0:00:04]} Nc6 {[%emt 0:00:02]} 8. Bg2 {[%emt 0:00:03]} b6 {[%emt 0:00:02]} 9. O-O {[%emt 0:00:39]} Bb7 {[%emt 0:00:01]} 10. e4 {[%emt 0:00:31]} d6 {[%emt 0:00:10]} 11. Bg5 {[%emt 0:00:14]} h6 {[%emt 0:00:04]} 12. Be3 {[%emt 0:00:35]} Nd7 {[%emt 0:00:07]} 13. Nd2 {[%emt 0:00:33]} Bf6 {[%emt 0:00:06]} 14. f4 {[%emt 0:00:31]} e5 {[%emt 0:00:05]} 15. f5 {[%emt 0:00:14]} Nd4 {[%emt 0:00:18]} 16. Bxd4 {[%emt 0:00:41]} cxd4 {[%emt 0:00:02]} 17. Nb5 {[%emt 0:00:14]} Nc5 {[%emt 0:00:03]} 18. b4 {[%emt 0:00:59]} Na6 {[%emt 0:00:16]} 19. Rb1 {[%emt 0:00:17]} Nc7 {[%emt 0:00:13]} 20. Na3 {[%emt 0:00:53]} Bg5 {[%emt 0:00:13]} 21. Re1 {[%emt 0:00:26]} a5 {[%emt 0:00:42]} 22. b5 {[%emt 0:00:03]} Qe7 {[%emt 0:00:17]} 23. Rb3 {[%emt 0:01:02]} a4 {[%emt 0:00:08]} 24. Rd3 {[%emt 0:00:10]} Be3+ {[%emt 0:00:43]} 25. Kh1 {[%emt 0:00:51]} Ne8 {[%emt 0:00:06]} 26. Nf1 {[%emt 0:00:06]} Bg5 {[%emt 0:00:14]} 27. Qe2 {[%emt 0:00:37]} Rc8 {[%emt 0:00:20]} 28. Qf2 {[%emt 0:00:36]} Kh7 {[%emt 0:00:31]} 29. h4 {[%emt 0:00:10]} Bf6 {[%emt 0:00:02]} 30. Nh2 {[%emt 0:00:08]} Ba8 {[%emt 0:00:17]} 31. Ng4 {[%emt 0:00:12]} Qb7 {[%emt 0:00:07]} 32. Rc1 {[%emt 0:00:43]} Qe7 {[%emt 0:00:16]} 33. Nb1 {[%emt 0:00:06]} d5 {[%emt 0:00:23]} 34. exd5 {[%emt 0:00:02]} e4 {[%emt 0:00:04]} 35. Nxf6+ {[%emt 0:00:02]} Nxf6 {[%emt 0:00:06]} 36. Rxd4 {[%emt 0:00:04]} Bxd5 {[%emt 0:00:03]} 37. Re1 {[%emt 0:00:12]} Ba8 {[%emt 0:00:10]} 38. Nd2 {[%emt 0:00:03]} Qc5 {[%emt 0:00:15]} 39. Nxe4 {[%emt 0:00:19]} Bxe4 {[%emt 0:00:01]} 40. Bxe4 Rfd8 {[%emt 0:00:11]} 41. Bd5 {[%emt 0:00:19]} Nxd5 {[%emt 0:00:06]} 42. cxd5 {[%emt 0:00:03]} Rxd5 {[%emt 0:00:03]} 43. Rf4 {[%emt 0:00:01]} Qxb5 {[%emt 0:00:07]} 44. f6 {[%emt 0:00:03]} Rd7 {[%emt 0:00:07]} 45. f7 {[%emt 0:00:02]} Rf8 {[%emt 0:00:04]} 46. Kh2 {[%emt 0:00:12]} Qd5 {[%emt 0:00:04]} 47. Qc2+ {[%emt 0:00:07]} Kh8 {[%emt 0:00:03]} 48. Re8 {[%emt 0:00:05]} Qd6 {[%emt 0:00:07]} 49. Qc8 {[%emt 0:00:09]} Rc7 {[%emt 0:00:46]} 50. Rxf8+ {[%emt 0:00:02]} Kh7 {[%emt 0:00:01]} 51. Rh8+ {[%emt 0:00:01]} Kg6 {[%emt 0:00:02]} 52. Qg4# {[%emt 0:00:05]} 1-0

[Event "3rd FIDE WCCC Rapid U08 2019"]
[Site "Minsk"]
[Date "2019.08.17"]
[Round "5.2"]
[White "Saulin, Grigoriy"]
[Black "Bayramli, Rafael"]
[Result "1/2-1/2"]
[WhiteElo "1117"]
[BlackElo "1514"]
[Annotator "NA"]
[PlyCount "59"]
[EventDate "2019.08.16"]
[EventType "swiss"]
[EventCountry "BLR"]
[SourceTitle "playchess.com"]
[Source "ChessBase"]
[SourceQuality "1"]
[TimeControl "600+5"]

1. e4 {[%emt 0:00:00]} a6 {[%emt 0:00:00]} 2. d4 {[%emt 0:00:00]} b5 {[%emt 0:00:00]} 3. Nf3 {[%emt 0:00:13]} Bb7 {[%emt 0:00:00]} 4. Bd3 {[%emt 0:00:02]} Nf6 {[%emt 0:00:00]} 5. Nbd2 {[%emt 0:00:04]} e6 {[%emt 0:00:03]} 6. O-O {[%emt 0:00:04]} Be7 {[%emt 0:00:11]} 7. b3 {[%emt 0:00:08]} d6 {[%emt 0:00:09]} 8. Bb2 {[%emt 0:00:23]} Nbd7 {[%emt 0:00:12]} 9. c4 {[%emt 0:00:41]} bxc4 {[%emt 0:00:54]} 10. bxc4 {[%emt 0:00:04]} c5 {[%emt 0:01:10]} 11. d5 {[%emt 0:00:37]} e5 {[%emt 0:00:10]} 12. Ne1 {[%emt 0:02:03]} O-O {[%emt 0:02:36]} 13. Nc2 {[%emt 0:00:31]} Re8 {[%emt 0:01:48]} 14. Ne3 {[%emt 0:00:03]} Bf8 {[%emt 0:00:39]} 15. Nb3 {[%emt 0:00:22]} g6 {[%emt 0:00:43]} 16. Bc3 {[%emt 0:00:20]} Rb8 {[%emt 0:00:47]} 17. Rb1 {[%emt 0:00:36]} Ba8 {[%emt 0:00:19]} 18. Ng4 {[%emt 0:00:47]} Bg7 {[%emt 0:00:44]} 19. Ba5 {[%emt 0:00:49]} Qe7 {[%emt 0:00:20]} 20. Ne3 {[%emt 0:01:01]} Nf8 {[%emt 0:00:22]} 21. Nd2 {[%emt 0:00:28]} Qa7 {[%emt 0:00:05]} 22. h3 {[%emt 0:00:33]} Rxb1 {[%emt 0:00:12]} 23. Qc2 {[%emt 0:00:12]} Nh5 {[%emt 0:00:19]} 24. g3 {[%emt 0:00:05]} Qd7 {[%emt 0:00:01]} 25. Kh2 {[%emt 0:00:10]} Nf6 {[%emt 0:00:03]} 26. Nf3 {[%emt 0:00:26]} h6 {[%emt 0:00:02]} 27. Nd2 {[%emt 0:00:22]} Qa7 {[%emt 0:00:03]} 28. f4 {[%emt 0:00:03]} N6d7 {[%emt 0:00:03]} 29. f5 {[%emt 0:00:06]} Nf6 {[%emt 0:00:17]} 30. Kg2 {[%emt 0:00:26]} 1/2-1/2

[Event "3rd FIDE WCCC Rapid U08 2019"]
[Site "Minsk"]
[Date "2019.08.17"]
[Round "5.3"]
[White "Damodaran, Patrick"]
[Black "Usov, Dmitry E."]
[Result "0-1"]
[WhiteElo "1131"]
[BlackElo "1331"]
[Annotator "NA"]
[PlyCount "66"]
[EventDate "2019.08.16"]
[EventType "swiss"]
[EventCountry "BLR"]
[SourceTitle "playchess.com"]
[Source "ChessBase"]
[SourceQuality "1"]
[TimeControl "600+5"]

1. d4 {[%emt 0:00:00]} d5 {[%emt 0:00:00]} 2. c4 {[%emt 0:00:02]} c6 {[%emt 0:00:00]} 3. Nc3 {[%emt 0:00:04]} Nf6 {[%emt 0:00:03]} 4. Nf3 {[%emt 0:00:03]} dxc4 {[%emt 0:00:02]} 5. e4 {[%emt 0:00:04]} b5 {[%emt 0:00:01]} 6. a4 {[%emt 0:00:15]} b4 {[%emt 0:00:18]} 7. Na2 {[%emt 0:00:59]} e6 {[%emt 0:00:33]} 8. e5 {[%emt 0:00:18]} Nd5 {[%emt 0:00:29]} 9. Bxc4 {[%emt 0:00:18]} Bb7 {[%emt 0:01:16]} 10. O-O {[%emt 0:00:25]} Nd7 {[%emt 0:00:07]} 11. Bg5 {[%emt 0:00:09]} Be7 {[%emt 0:00:03]} 12. Bxe7 {[%emt 0:00:04]} Qxe7 {[%emt 0:00:05]} 13. Qb3 {[%emt 0:00:26]} a5 {[%emt 0:00:08]} 14. Nc1 {[%emt 0:00:40]} O-O {[%emt 0:00:10]} 15. Ne2 {[%emt 0:00:22]} c5 {[%emt 0:01:16]} 16. Qc2 {[%emt 0:00:47]} Rfc8 {[%emt 0:00:15]} 17. Qd3 {[%emt 0:00:33]} cxd4 {[%emt 0:00:42]} 18. Qxd4 {[%emt 0:00:48]} Qc5 {[%emt 0:01:11]} 19. Qxc5 {[%emt 0:00:45]} Rxc5 {[%emt 0:00:03]} 20. b3 {[%emt 0:00:24]} N7b6 21. Nd2 {[%emt 0:00:41]} Nxc4 {[%emt 0:00:16]} 22. Nxc4 {[%emt 0:00:08]} Ba6 {[%emt 0:00:07]} 23. Rac1 {[%emt 0:00:48]} Bxc4 {[%emt 0:00:04]} 24. Rxc4 {[%emt 0:00:55]} Rxc4 {[%emt 0:00:01]} 25. bxc4 {[%emt 0:00:17]} Nb6 {[%emt 0:00:01]} 26. c5 {[%emt 0:00:11]} Nxa4 {[%emt 0:00:02]} 27. c6 {[%emt 0:00:32]} h6 {[%emt 0:00:03]} 28. Nd4 {[%emt 0:00:23]} Rc8 {[%emt 0:00:10]} 29. Rc1 {[%emt 0:00:03]} Nc3 {[%emt 0:00:09]} 30. Ra1 {[%emt 0:00:11]} a4 {[%emt 0:00:01]} 31. Kf1 {[%emt 0:00:15]} b3 {[%emt 0:00:07]} 32. Ne2 {[%emt 0:00:09]} b2 {[%emt 0:00:02]} 33. Re1 {[%emt 0:00:11]} b1=Q {[%emt 0:00:10]} 0-1

[Event "3rd FIDE WCCC Rapid U08 2019"]
[Site "Minsk"]
[Date "2019.08.17"]
[Round "5.4"]
[White "Rudenko, Taras"]
[Black "Nematolahi, Amirali"]
[Result "0-1"]
[WhiteElo "1676"]
[BlackElo "1220"]
[Annotator "NA"]
[PlyCount "102"]
[EventDate "2019.08.16"]
[EventType "swiss"]
[EventCountry "BLR"]
[SourceTitle "playchess.com"]
[Source "ChessBase"]
[SourceQuality "1"]
[TimeControl "600+5"]

1. e4 {[%emt 0:00:00]} e6 {[%emt 0:00:00]} 2. d3 {[%emt 0:00:00]} d5 {[%emt 0:00:01]} 3. Nd2 {[%emt 0:00:01]} c5 {[%emt 0:00:02]} 4. g3 {[%emt 0:00:03]} Nc6 {[%emt 0:00:03]} 5. Bg2 {[%emt 0:00:02]} Nf6 {[%emt 0:00:02]} 6. Ngf3 {[%emt 0:00:03]} Be7 {[%emt 0:00:02]} 7. O-O {[%emt 0:00:03]} O-O {[%emt 0:00:04]} 8. e5 {[%emt 0:00:01]} Nd7 {[%emt 0:00:04]} 9. Re1 {[%emt 0:00:02]} Qc7 {[%emt 0:00:02]} 10. Qe2 {[%emt 0:00:01]} f6 {[%emt 0:00:06]} 11. exf6 {[%emt 0:00:09]} Nxf6 {[%emt 0:00:02]} 12. Bh3 {[%emt 0:00:05]} Qd6 {[%emt 0:00:08]} 13. Bxe6+ {[%emt 0:00:17]} Kh8 {[%emt 0:00:19]} 14. Bxc8 {[%emt 0:00:02]} Raxc8 {[%emt 0:00:02]} 15. Qe6 {[%emt 0:00:02]} Qc7 {[%emt 0:00:16]} 16. Ne5 {[%emt 0:00:06]} Nxe5 {[%emt 0:00:10]} 17. Qxe5 {[%emt 0:00:05]} Bd6 {[%emt 0:00:02]} 18. Qe2 {[%emt 0:00:27]} Rce8 {[%emt 0:00:04]} 19. Qf1 {[%emt 0:00:02]} Rxe1 {[%emt 0:00:01]} 20. Qxe1 {[%emt 0:00:00]} Re8 {[%emt 0:00:01]} 21. Qf1 {[%emt 0:00:01]} Re5 {[%emt 0:00:19]} 22. Nf3 {[%emt 0:00:14]} Rh5 {[%emt 0:00:03]} 23. Bg5 {[%emt 0:00:21]} Ng4 {[%emt 0:00:20]} 24. h3 {[%emt 0:00:39]} Nxf2 {[%emt 0:02:10]} 25. Kxf2 {[%emt 0:01:53]} Bxg3+ {[%emt 0:00:06]} 26. Kg2 {[%emt 0:00:01]} Bh2 {[%emt 0:00:28]} 27. Nxh2 {[%emt 0:00:42]} Rxg5+ {[%emt 0:00:03]} 28. Kh1 {[%emt 0:00:51]} h6 {[%emt 0:00:07]} 29. Qf8+ {[%emt 0:01:17]} Kh7 {[%emt 0:00:01]} 30. Rg1 {[%emt 0:00:01]} Rh5 {[%emt 0:00:21]} 31. Qf3 {[%emt 0:00:21]} Qe5 {[%emt 0:00:46]} 32. Qg3 {[%emt 0:00:32]} Qf6 {[%emt 0:00:50]} 33. Qf3 {[%emt 0:01:25]} Rf5 {[%emt 0:00:05]} 34. Qg3 {[%emt 0:00:26]} Rg5 {[%emt 0:00:04]} 35. Qe1 {[%emt 0:00:12]} Rh5 {[%emt 0:00:13]} 36. Qe3 {[%emt 0:00:39]} Qc6 {[%emt 0:00:33]} 37. Rg3 {[%emt 0:00:26]} Qf6 {[%emt 0:01:09]} 38. Rf3 {[%emt 0:00:05]} Qxb2 {[%emt 0:00:16]} 39. Qxc5 {[%emt 0:00:04]} Qxa2 {[%emt 0:00:15]} 40. Qc3 {[%emt 0:00:10]} Qb1+ {[%emt 0:00:44]} 41. Kg2 {[%emt 0:00:02]} Qd1 {[%emt 0:00:25]} 42. Rg3 {[%emt 0:00:41]} Qe2+ {[%emt 0:00:08]} 43. Kh1 {[%emt 0:00:09]} Qe7 {[%emt 0:00:30]} 44. d4 {[%emt 0:00:13]} Rf5 {[%emt 0:01:02]} 45. Rf3 {[%emt 0:00:30]} Qe4 {[%emt 0:00:16]} 46. Qd3 {[%emt 0:00:13]} Rxf3 {[%emt 0:00:04]} 47. Qxf3 {[%emt 0:00:02]} Qxc2 {[%emt 0:00:14]} 48. Qxd5 {[%emt 0:00:00]} Qd1+ {[%emt 0:00:21]} 49. Kg2 {[%emt 0:00:03]} Qe2+ {[%emt 0:00:02]} 50. Kg3 {[%emt 0:00:04]} Qe1+ {[%emt 0:00:06]} 51. Kg4 {[%emt 0:00:04]} Qg1+ {[%emt 0:00:05]} 0-1

[Event "3rd FIDE WCCC Rapid U08 2019"]
[Site "Minsk"]
[Date "2019.08.17"]
[Round "5.6"]
[White "Bianchuk, Gleb"]
[Black "Preobrazhenskaya, Diana"]
[Result "0-1"]
[WhiteElo "1112"]
[BlackElo "1361"]
[Annotator "NA"]
[PlyCount "86"]
[EventDate "2019.08.16"]
[EventType "swiss"]
[EventCountry "BLR"]
[SourceTitle "playchess.com"]
[Source "ChessBase"]
[SourceQuality "1"]
[TimeControl "600+5"]

1. e4 {[%emt 0:00:00]} e5 {[%emt 0:00:00]} 2. Nf3 {[%emt 0:00:02]} Nc6 {[%emt 0:00:01]} 3. Bc4 {[%emt 0:00:05]} Nf6 {[%emt 0:00:02]} 4. Ng5 {[%emt 0:00:07]} Bc5 {[%emt 0:00:02]} 5. Nxf7 {[%emt 0:00:44]} Bxf2+ {[%emt 0:00:02]} 6. Kf1 {[%emt 0:00:40]} Qe7 {[%emt 0:00:05]} 7. Nxh8 {[%emt 0:00:45]} Bb6 {[%emt 0:00:17]} 8. d3 {[%emt 0:03:39]} Qc5 {[%emt 0:01:31]} 9. Qf3 {[%emt 0:00:26]} Nd4 {[%emt 0:01:11]} 10. Be3 {[%emt 0:00:29]} Qb4 {[%emt 0:02:53]} 11. Bd2 {[%emt 0:01:18]} Qxb2 {[%emt 0:01:45]} 12. Bc3 {[%emt 0:01:52]} Qxc2 {[%emt 0:00:26]} 13. Qf2 {[%emt 0:00:17]} Qd1+ {[%emt 0:00:24]} 14. Qe1 {[%emt 0:00:07]} Qg4 {[%emt 0:00:13]} 15. Bxd4 {[%emt 0:00:35]} Bxd4 {[%emt 0:00:02]} 16. Nc3 Qf4+ {[%emt 0:00:12]} 17. Ke2 {[%emt 0:00:12]} Qe3+ {[%emt 0:00:13]} 18. Kd1 {[%emt 0:00:01]} Qxe1+ {[%emt 0:00:13]} 19. Rxe1 {[%emt 0:00:03]} Bxc3 {[%emt 0:00:02]} 20. Nf7 {[%emt 0:00:05]} Bxa1 {[%emt 0:00:03]} 21. Kc2 {[%emt 0:00:10]} Bd4 {[%emt 0:00:02]} 22. h3 {[%emt 0:00:04]} b5 {[%emt 0:00:04]} 23. Bb3 {[%emt 0:00:05]} a5 {[%emt 0:00:07]} 24. a4 {[%emt 0:00:04]} bxa4 {[%emt 0:00:01]} 25. Ba2 {[%emt 0:00:01]} Rb8 {[%emt 0:00:07]} 26. Rb1 {[%emt 0:00:03]} Rxb1 {[%emt 0:00:06]} 27. Kxb1 {[%emt 0:00:02]} h6 {[%emt 0:00:06]} 28. Kc2 {[%emt 0:00:09]} d5 {[%emt 0:00:08]} 29. Nxh6 {[%emt 0:00:14]} gxh6 {[%emt 0:00:02]} 30. exd5 {[%emt 0:00:04]} Bb7 {[%emt 0:00:09]} 31. d6 {[%emt 0:00:05]} cxd6 {[%emt 0:00:01]} 32. g4 {[%emt 0:00:01]} Bg2 {[%emt 0:00:07]} 33. g5 {[%emt 0:00:04]} hxg5 {[%emt 0:00:02]} 34. h4 {[%emt 0:00:03]} gxh4 {[%emt 0:00:02]} 35. Bf7+ {[%emt 0:00:01]} Kxf7 {[%emt 0:00:04]} 36. Kd2 {[%emt 0:00:03]} h3 {[%emt 0:00:01]} 37. Ke1 {[%emt 0:00:01]} h2 {[%emt 0:00:03]} 38. Ke2 {[%emt 0:00:05]} h1=Q {[%emt 0:00:06]} 39. Kd2 {[%emt 0:00:07]} Qh6+ {[%emt 0:00:07]} 40. Ke1 {[%emt 0:00:02]} Qe3+ {[%emt 0:00:04]} 41. Kd1 {[%emt 0:00:01]} Bf3+ {[%emt 0:00:10]} 42. Kc2 {[%emt 0:00:02]} Qe2+ {[%emt 0:00:03]} 43. Kb1 {[%emt 0:00:02]} Qb2# {[%emt 0:00:03]} 0-1